Autonómny systém na snímanie a vyhodnocovanie poveternostných údajov

Uložené v:
Podrobná bibliografia
Hlavný autor: Jankó, Zoltán (Autor)
Ďalší autori: Mika, Fedor, 1949- (Vedúci práce)
Médium: Rukopis Kniha
Jazyk:Slovak
Vydavateľské údaje: Bratislava : STU v Bratislave FEI, 2001
Predmet:
Tagy: Pridať tag
Žiadne tagy, Buďte prvý, kto otaguje tento záznam!

MARC

LEADER 00000ntm a22000003a 4500
001 stu75750
005 20160719164753.6
008 020520s2001------------------------slo-d
040 |a STU  |b slo 
041 0 |a slo 
100 1 |a Jankó, Zoltán  |4 aut 
245 1 |a Autonómny systém na snímanie a vyhodnocovanie poveternostných údajov 
260 |a Bratislava :  |b STU v Bratislave FEI,  |c 2001 
300 |a 28 s 
650 7 |a elektronika  |2 stusub 
700 1 |a Mika, Fedor,  |d 1949-  |4 ths  |u E210  |U FEI Fakulta elektrotechniky a informatiky  |T FEI Katedra mikroelektroniky  |X 2063  |U E210  |Y 68  |7 A000002063